000 01110nam a22002417a 4500
003 NALT
005 20210819125448.0
008 s2545 th tha d
040 _aNALT
041 _atha
090 _aว DS432.A39 ส843ศ 2545
100 0 _aสุมิตร ปิติพัฒน์
245 1 0 _aความเชื่อและพิธีกรรมของคนไทยอาหมในรัฐอัสสัม ประเทศอินเดีย /
_cสุมิตร ปิติพัฒน์
260 3 _aกรุงเทพฯ :
_bมหาวิทยาลัยธรรมศาสตร์,
_c2545
300 _a65 หน้า :
_b ภาพประกอบ, แผนที่ ;
_c 30 ซม.
650 0 4 _aชาวไท -- ความเป็นอยู่และประเพณี
650 0 4 _aชาวไท -- รัฐอัสสัม
650 0 4 _aชาวไท -- อินเดีย
650 0 4 _aชาวไทอาหม -- วิจัย
850 _aNALT
942 _cRSH
_2lcc
998 _bSUKUNYA
_j109
_k อารีรัตน์ วิชาช่าง
999 _c30918
_d30918